<?xml version="1.0" encoding="UTF-8"?>
<record
    xmlns:xsi="http://www.w3.org/2001/XMLSchema-instance"
    xsi:schemaLocation="http://www.loc.gov/MARC21/slim http://www.loc.gov/standards/marcxml/schema/MARC21slim.xsd"
    xmlns="http://www.loc.gov/MARC21/slim">

  <leader>00374nam a22001457a 4500</leader>
  <datafield tag="999" ind1=" " ind2=" ">
    <subfield code="c">197261</subfield>
    <subfield code="d">197261</subfield>
  </datafield>
  <controlfield tag="008">230818b           ||||| |||| 00| 0 eng d</controlfield>
  <datafield tag="082" ind1=" " ind2=" ">
    <subfield code="a">S-MEN</subfield>
  </datafield>
  <datafield tag="100" ind1=" " ind2=" ">
    <subfield code="a">Menon, Geeta</subfield>
  </datafield>
  <datafield tag="245" ind1=" " ind2=" ">
    <subfield code="a">View from the window and others</subfield>
    <subfield code="h">English</subfield>
  </datafield>
  <datafield tag="260" ind1=" " ind2=" ">
    <subfield code="a">Delhi</subfield>
    <subfield code="b">A.I.C.B.</subfield>
    <subfield code="c">Rohini</subfield>
  </datafield>
  <datafield tag="270" ind1=" " ind2=" ">
    <subfield code="a">A.I.C.B. Rohini, Delhi</subfield>
  </datafield>
  <datafield tag="300" ind1=" " ind2=" ">
    <subfield code="a">12x13</subfield>
  </datafield>
  <datafield tag="490" ind1=" " ind2=" ">
    <subfield code="v">1-2</subfield>
  </datafield>
  <datafield tag="942" ind1=" " ind2=" ">
    <subfield code="2">ddc</subfield>
    <subfield code="c">BRLEN</subfield>
    <subfield code="k">S</subfield>
    <subfield code="m">MEN</subfield>
  </datafield>
  <datafield tag="952" ind1=" " ind2=" ">
    <subfield code="0">0</subfield>
    <subfield code="1">0</subfield>
    <subfield code="4">0</subfield>
    <subfield code="7">0</subfield>
    <subfield code="a">BRL</subfield>
    <subfield code="b">BRL</subfield>
    <subfield code="d">2023-08-18</subfield>
    <subfield code="g">199.00</subfield>
    <subfield code="l">0</subfield>
    <subfield code="o">S-MEN</subfield>
    <subfield code="p">BR-004270</subfield>
    <subfield code="r">2023-08-18 00:00:00</subfield>
    <subfield code="w">2023-08-18</subfield>
    <subfield code="y">BRLEN</subfield>
  </datafield>
  <datafield tag="952" ind1=" " ind2=" ">
    <subfield code="0">0</subfield>
    <subfield code="1">0</subfield>
    <subfield code="4">0</subfield>
    <subfield code="7">0</subfield>
    <subfield code="a">BRL</subfield>
    <subfield code="b">BRL</subfield>
    <subfield code="d">2023-08-18</subfield>
    <subfield code="g">199.00</subfield>
    <subfield code="l">0</subfield>
    <subfield code="o">S-MEN</subfield>
    <subfield code="p">BR-004271</subfield>
    <subfield code="r">2023-08-18 00:00:00</subfield>
    <subfield code="w">2023-08-18</subfield>
    <subfield code="y">BRLEN</subfield>
  </datafield>
  <datafield tag="952" ind1=" " ind2=" ">
    <subfield code="0">0</subfield>
    <subfield code="1">0</subfield>
    <subfield code="4">0</subfield>
    <subfield code="7">0</subfield>
    <subfield code="a">BRL</subfield>
    <subfield code="b">BRL</subfield>
    <subfield code="d">2023-08-18</subfield>
    <subfield code="g">199.00</subfield>
    <subfield code="l">0</subfield>
    <subfield code="o">S-MEN</subfield>
    <subfield code="p">BR-004272</subfield>
    <subfield code="r">2023-08-18 00:00:00</subfield>
    <subfield code="w">2023-08-18</subfield>
    <subfield code="y">BRLEN</subfield>
  </datafield>
  <datafield tag="952" ind1=" " ind2=" ">
    <subfield code="0">0</subfield>
    <subfield code="1">0</subfield>
    <subfield code="4">0</subfield>
    <subfield code="7">0</subfield>
    <subfield code="a">BRL</subfield>
    <subfield code="b">BRL</subfield>
    <subfield code="d">2023-08-18</subfield>
    <subfield code="g">199.00</subfield>
    <subfield code="l">0</subfield>
    <subfield code="o">S-MEN</subfield>
    <subfield code="p">BR-004273</subfield>
    <subfield code="r">2023-08-18 00:00:00</subfield>
    <subfield code="w">2023-08-18</subfield>
    <subfield code="y">BRLEN</subfield>
  </datafield>
  <datafield tag="952" ind1=" " ind2=" ">
    <subfield code="0">0</subfield>
    <subfield code="1">0</subfield>
    <subfield code="4">0</subfield>
    <subfield code="7">0</subfield>
    <subfield code="a">BRL</subfield>
    <subfield code="b">BRL</subfield>
    <subfield code="d">2023-08-18</subfield>
    <subfield code="g">199.00</subfield>
    <subfield code="l">0</subfield>
    <subfield code="o">S-MEN</subfield>
    <subfield code="p">BR-004274</subfield>
    <subfield code="r">2023-08-18 00:00:00</subfield>
    <subfield code="w">2023-08-18</subfield>
    <subfield code="y">BRLEN</subfield>
  </datafield>
  <datafield tag="952" ind1=" " ind2=" ">
    <subfield code="0">0</subfield>
    <subfield code="1">0</subfield>
    <subfield code="4">0</subfield>
    <subfield code="7">0</subfield>
    <subfield code="a">BRL</subfield>
    <subfield code="b">BRL</subfield>
    <subfield code="d">2023-08-18</subfield>
    <subfield code="g">199.00</subfield>
    <subfield code="l">0</subfield>
    <subfield code="o">S-MEN</subfield>
    <subfield code="p">BR-004275</subfield>
    <subfield code="r">2023-08-18 00:00:00</subfield>
    <subfield code="w">2023-08-18</subfield>
    <subfield code="y">BRLEN</subfield>
  </datafield>
</record>
